000 00733cam a2200229 i 4500
999 _c7768
_d7768
003 OSt
005 20200520142345.0
008 780725s1980 enka b 001 0 eng
020 _a0471997188 :
_c$18.90
082 0 0 _a720.1
245 0 0 _aSigns, symbols, and architecture /
_c[edited by] Geoffrey Broadbent, Richard Bunt, Charles Jencks.
260 _aChichester, [Eng.] ;
_aNew York :
_bWiley,
_cc1980.
300 _aviii, 446 p. :
_bill. ;
_c25 cm.
504 _aIncludes bibliographies and index.
650 0 _aSymbolism in architecture.
650 0 _aCommunication in architectural design.
650 0 _aSemiotics.
700 1 _aBroadbent, Geoffrey.
700 1 _aBunt, Richard.
700 1 _aJencks, Charles.
942 _2ddc